[Event "Pardubice Czech op 23rd"]
[Site "Pardubice"]
[Date "2012.07.22"]
[Round "3"]
[White "Suran, Jan"]
[Black "Petr, Martin"]
[Result "0-1"]
[WhiteElo "2363"]
[BlackElo "2525"]
[PlyCount "122"]
[EventDate "2012.07.12"]
[EventType "swiss"]
[EventRounds "9"]
[EventCountry "CZE"]
[SourceTitle "OM OTB B 201907"]
[Source "Opening Master"]
[SourceDate "2019.07.06"]
[SourceVersion "2"]
[SourceVersionDate "2019.07.06"]
[SourceQuality "1"]

1. e4 c5 2. Nf3 d6 3. d4 cxd4 4. Nxd4 Nf6 5. Nc3 Nc6 6. Be2 e5 7. Nf3 h6 8. O-O
Be6 9. Re1 Be7 10. Bf1 Qd7 11. Nd5 Bd8 12. Bc4 O-O 13. b3 Bxd5 14. Bxd5 Nxd5
15. Qxd5 Ne7 16. Qd3 Qe6 17. Ba3 Bc7 18. Rad1 Rad8 19. Nh4 g6 20. Bc1 Kh7 21.
c4 f5 22. exf5 gxf5 23. g3 d5 24. cxd5 Rxd5 25. Qc4 Bb6 26. Rxd5 Nxd5 27. Bb2
Rc8 28. Qe2 e4 29. Ng2 Qc6 30. Qh5 Qg6 31. Qd1 Rd8 32. Qe2 Qf7 33. Qc4 Qc7 34.
Rd1 Qxc4 35. bxc4 Nb4 36. Rxd8 Bxd8 37. Bd4 a6 38. a4 Nc6 39. Bc3 Ba5 40. Bb2
Bd8 41. Kf1 Kg6 42. Ke2 Na5 43. Ne3 Nb3 44. Nd5 Nc5 45. Bd4 Nxa4 46. h3 Kf7 47.
g4 fxg4 48. hxg4 Bg5 49. f3 exf3+ 50. Kxf3 Ke6 51. Ke4 Kd6 52. Kf5 a5 53. Nf6
Nc5 54. Ne8+ Kc6 55. Bf6 Bc1 56. Bc3 a4 57. Nf6 Nd7 58. Ne4 Nb6 59. Bd2 Bxd2
60. Nxd2 Kc5 61. Kg6 Nxc4 0-1

[Event "POL-chT U20 2nd div"]
[Site "Borowice"]
[Date "2012.07.22"]
[Round "2"]
[White "Mazur, Anna"]
[Black "Glapa, Anna"]
[Result "1-0"]
[WhiteElo "1662"]
[BlackElo "1594"]
[PlyCount "129"]
[EventDate "2012.07.21"]
[EventType "team-swiss"]
[EventRounds "11"]
[EventCountry "POL"]
[SourceTitle "OM OTB B 201907"]
[Source "Opening Master"]
[SourceDate "2019.07.06"]
[SourceVersion "2"]
[SourceVersionDate "2019.07.06"]
[SourceQuality "1"]

1. e4 c5 2. Nf3 Nc6 3. d4 cxd4 4. Nxd4 Nf6 5. Nc3 d6 6. Be2 e5 7. Nb3 Be7 8.
O-O O-O 9. Kh1 a5 10. a4 Be6 11. Be3 d5 12. exd5 Nxd5 13. Nxd5 Bxd5 14. Nc5 Nd4
15. Bxd4 exd4 16. Nd3 Re8 17. Bf3 Bxf3 18. Qxf3 Qc7 19. h3 Qxc2 20. Ne5 Bf6 21.
Ng4 Be7 22. Ne5 Bf6 23. Ng4 Re6 24. Qxb7 Qc6 25. Qxc6 Rxc6 26. Rad1 Rd8 27. Rd3
h5 28. Nxf6+ Rxf6 29. Rfd1 Rfd6 30. Kg1 g6 31. Kf1 Kg7 32. Ke2 f5 33. Rc1 Kf6
34. Rc5 Re8+ 35. Kd2 Re5 36. Rxe5 Kxe5 37. Rb3 Rd5 38. Rb6 g5 39. Kd3 Kf4 40.
Rb5 Rxb5 41. axb5 Ke5 42. b6 Kd6 43. b7 Kc7 44. b8=Q+ Kxb8 45. Kxd4 Kc7 46. Kc5
h4 47. Kb5 f4 48. f3 Kd6 49. Kxa5 Kd5 50. b4 Kd4 51. b5 Ke3 52. b6 Kf2 53. b7
Kxg2 54. b8=Q Kxh3 55. Qe5 Kh2 56. Qxg5 Kh3 57. Qxf4 Kg2 58. Qxh4 Kg1 59. Kb4
Kg2 60. Kc3 Kf1 61. Kd3 Kg1 62. f4 Kg2 63. Ke3 Kg1 64. Kf3 Kf1 65. Qf2# 1-0

[Event "FRM-chT 21st"]
[Site "Struga"]
[Date "2012.07.20"]
[Round "5.5"]
[White "Petrov, Saravco"]
[Black "Gochev, Mladen"]
[Result "0-1"]
[WhiteElo "2128"]
[BlackElo "2252"]
[PlyCount "86"]
[EventDate "2012.07.16"]
[EventType "team-tourn"]
[EventRounds "7"]
[EventCountry "MKD"]
[SourceTitle "OM OTB B 201907"]
[Source "Opening Master"]
[SourceDate "2019.07.06"]
[SourceVersion "2"]
[SourceVersionDate "2019.07.06"]
[SourceQuality "1"]

1. e4 c5 2. Nf3 Nc6 3. d4 cxd4 4. Nxd4 Nf6 5. Nc3 d6 6. Be2 e5 7. Nb3 Be7 8.
Be3 O-O 9. O-O a5 10. a4 Nb4 11. f4 Be6 12. f5 Bd7 13. Bf3 d5 14. exd5 Bxf5 15.
Rc1 e4 16. Be2 Bg6 17. Kh1 Nfxd5 18. Nxd5 Nxd5 19. Bg1 Bg5 20. Ra1 Ne3 21. Bxe3
Bxe3 22. Qe1 Bb6 23. c4 Qe7 24. Rc1 Qe5 25. Qc3 Bc7 26. Qxe5 Bxe5 27. Nc5 Rfd8
28. Rcd1 b6 29. Nd7 Bc7 30. c5 bxc5 31. Nxc5 Rxd1 32. Rxd1 Rd8 33. Rxd8+ Bxd8
34. Bc4 Bb6 35. Na6 Bh5 36. g4 Bxg4 37. Kg2 Bd1 38. b4 Bxa4 39. bxa5 Bxa5 40.
Bd5 e3 41. Bc4 Bc6+ 42. Kf1 Bf3 43. Nc5 g5 0-1

[Event "Dortmund Sparkassen op-A"]
[Site "Dortmund"]
[Date "2012.07.19"]
[Round "6"]
[White "Steinmetzer, Thomas"]
[Black "Zolfagharian, Kevin"]
[Result "1-0"]
[WhiteElo "2114"]
[BlackElo "1948"]
[PlyCount "85"]
[EventDate "2012.07.14"]
[EventType "swiss"]
[EventRounds "9"]
[EventCountry "GER"]
[SourceTitle "OM OTB B 201907"]
[Source "Opening Master"]
[SourceDate "2019.07.06"]
[SourceVersion "2"]
[SourceVersionDate "2019.07.06"]
[SourceQuality "1"]

1. e4 c5 2. Nf3 Nc6 3. d4 cxd4 4. Nxd4 Nf6 5. Nc3 d6 6. Be2 e5 7. Nb3 Be7 8.
Be3 Be6 9. f3 O-O 10. Nd5 a5 11. Bb6 Qd7 12. Bb5 Bd8 13. Be3 a4 14. Nc1 Ba5+
15. c3 Qd8 16. Nxf6+ Qxf6 17. O-O a3 18. b4 Bc7 19. Qd2 Qg6 20. Ne2 f5 21. exf5
Bxf5 22. Ng3 Ne7 23. Nxf5 Qxf5 24. Bc4+ Kh8 25. Rfd1 d5 26. Bxd5 Rad8 27. c4 e4
28. fxe4 Qe5 29. g3 Nxd5 30. exd5 Qh5 31. Rf1 Rfe8 32. Rae1 b5 33. Bg5 Rxe1 34.
Rxe1 Rd7 35. Qe2 Qxe2 36. Rxe2 h6 37. Re7 Rd8 38. Rxc7 hxg5 39. Rc5 bxc4 40.
Kf2 Kg8 41. Ke3 Kf7 42. Kd4 Rh8 43. Ra5 1-0

[Event "SUI-chB"]
[Site "Flims"]
[Date "2012.07.15"]
[Round "4"]
[White "Gara, Anita"]
[Black "Stoeri, Simon"]
[Result "1-0"]
[WhiteElo "2312"]
[BlackElo "2186"]
[PlyCount "51"]
[EventDate "2012.07.12"]
[EventType "swiss"]
[EventRounds "9"]
[EventCountry "SUI"]
[SourceTitle "OM OTB B 201907"]
[Source "Opening Master"]
[SourceDate "2019.07.06"]
[SourceVersion "2"]
[SourceVersionDate "2019.07.06"]
[SourceQuality "1"]

1. e4 c5 2. Nf3 d6 3. d4 Nf6 4. Nc3 cxd4 5. Nxd4 Nc6 6. Be2 e5 7. Nf3 h6 8. O-O
Be7 9. Re1 O-O 10. b3 Bg4 11. Bb2 Rc8 12. h3 Bxf3 13. Bxf3 Nd4 14. Qd3 Qa5 15.
Rec1 Rc7 16. Ne2 Nxf3+ 17. Qxf3 Nh7 18. c4 Kh8 19. Nc3 Bh4 20. g3 Bg5 21. Rd1
f5 22. exf5 g6 23. Rxd6 Rxf5 24. Qd5 Qxd5 25. Nxd5 Rcf7 26. f4 1-0

[Event "Izhevsk Corporation Cup-A 4th"]
[Site "Izhevsk"]
[Date "2012.07.15"]
[Round "1"]
[White "Sazonova, Anastasia"]
[Black "Filipenko, Alexander V"]
[Result "0-1"]
[WhiteElo "1939"]
[BlackElo "2331"]
[PlyCount "100"]
[EventDate "2012.07.15"]
[EventType "swiss"]
[EventRounds "9"]
[EventCountry "RUS"]
[SourceTitle "OM OTB B 201907"]
[Source "Opening Master"]
[SourceDate "2019.07.06"]
[SourceVersion "2"]
[SourceVersionDate "2019.07.06"]
[SourceQuality "1"]

1. e4 c5 2. Nf3 d6 3. d4 cxd4 4. Nxd4 Nf6 5. Nc3 Nc6 6. Be2 e5 7. Nf3 h6 8. O-O
Be7 9. Re1 O-O 10. h3 Be6 11. Bf1 Nb8 12. b3 Nbd7 13. Bb2 a6 14. a4 Qa5 15. Nd2
Nb6 16. Qf3 Rac8 17. Rad1 Nfd7 18. Ndb1 Nb8 19. Ba3 Nc6 20. Bxd6 Bxd6 21. Rxd6
Nd4 22. Qd3 Qc5 23. Rxb6 Qxb6 24. Rc1 Nc6 25. Nd5 Qd4 26. c4 Qb2 27. Re1 f5 28.
Nd2 Rcd8 29. Qe3 f4 30. Qe2 Nd4 31. Qd3 Qc2 32. Qxc2 Nxc2 33. Rb1 g5 34. Nf3
Bxd5 35. cxd5 Rfe8 36. Rb2 Nb4 37. Bc4 Kg7 38. Rd2 Rd6 39. a5 Kf6 40. Rd1 Rc8
41. Ra1 Nc2 42. Ra4 h5 43. Kf1 g4 44. hxg4 hxg4 45. Ne1 Nd4 46. Nd3 Rh8 47. Ke1
Rh2 48. Nc5 Rxg2 49. Nxb7 Rd7 50. Bxa6 g3 0-1

[Event "Senta op-A 16th"]
[Site "Senta"]
[Date "2012.07.14"]
[Round "1"]
[White "Andrijevic, Milan"]
[Black "Dimic, Pavle"]
[Result "1/2-1/2"]
[WhiteElo "2345"]
[BlackElo "2116"]
[PlyCount "70"]
[EventDate "2012.07.14"]
[EventType "swiss"]
[EventRounds "9"]
[EventCountry "SRB"]
[SourceTitle "OM OTB B 201907"]
[Source "Opening Master"]
[SourceDate "2019.07.06"]
[SourceVersion "2"]
[SourceVersionDate "2019.07.06"]
[SourceQuality "1"]

1. e4 c5 2. Nf3 d6 3. d4 cxd4 4. Nxd4 Nf6 5. Nc3 Nc6 6. Be2 e5 7. Nb3 Be7 8.
Be3 O-O 9. O-O a5 10. a3 Be6 11. Bf3 a4 12. Nc1 Qa5 13. Nd5 Bxd5 14. exd5 Nb8
15. c4 Nbd7 16. b4 axb3 17. Nxb3 Qa4 18. Nd2 Qa5 19. Qb1 Rab8 20. Qb4 Qxb4 21.
axb4 b5 22. Rfc1 bxc4 23. Rxc4 Nb6 24. Bxb6 Rxb6 25. Ra7 Re8 26. Rcc7 Bf8 27.
Rcb7 Rb8 28. Rxf7 Rxb4 29. g3 Rd4 30. Rxf6 gxf6 31. Ne4 Kh8 32. Nxf6 Bg7 33.
Nh5 Bf8 34. Nf6 Bg7 35. Nh5 Bf8 1/2-1/2

[Event "Barbera del Valles op 35th"]
[Site "Barbera del Valles"]
[Date "2012.07.11"]
[Round "8"]
[White "Silva Rodriguez, Julio"]
[Black "Dukaczewski, Piotr"]
[Result "1/2-1/2"]
[WhiteElo "2168"]
[BlackElo "2249"]
[PlyCount "79"]
[EventDate "2012.07.04"]
[EventType "swiss"]
[EventRounds "9"]
[EventCountry "ESP"]
[SourceTitle "OM OTB B 201907"]
[Source "Opening Master"]
[SourceDate "2019.07.06"]
[SourceVersion "2"]
[SourceVersionDate "2019.07.06"]
[SourceQuality "1"]

1. e4 c5 2. Nf3 Nc6 3. d4 cxd4 4. Nxd4 Nf6 5. Nc3 d6 6. Be2 e5 7. Nf3 h6 8. O-O
Be7 9. Re1 O-O 10. h3 Be6 11. Bf1 Nb8 12. a4 Nbd7 13. a5 Rc8 14. a6 Rxc3 15.
bxc3 b6 16. Nd4 exd4 17. cxd4 d5 18. exd5 Bxd5 19. c4 Be4 20. Ba3 Bxa3 21. Rxa3
Qc8 22. Qd2 Qc7 23. Rae3 Qf4 24. Qe2 Bg6 25. Qb2 Rd8 26. Re7 Qd6 27. Qc3 Rc8
28. Qe3 Bf5 29. d5 Rc7 30. Qf3 Bg6 31. Bd3 Bxd3 32. Qxd3 Rc8 33. g3 g6 34. R1e6
Qb4 35. d6 Qxc4 36. Qxc4 Rxc4 37. Rxf6 Nxf6 38. d7 Nxd7 39. Rxd7 Ra4 40. Rxa7
1/2-1/2

[Event "SRB Central-ch op-A 5th"]
[Site "Paracin"]
[Date "2012.07.10"]
[Round "6"]
[White "Zajic, Milan"]
[Black "Stojkovska, Monika"]
[Result "1-0"]
[WhiteElo "2151"]
[BlackElo "1909"]
[PlyCount "83"]
[EventDate "2012.07.06"]
[EventType "swiss"]
[EventRounds "9"]
[EventCountry "SRB"]
[SourceTitle "OM OTB B 201907"]
[Source "Opening Master"]
[SourceDate "2019.07.06"]
[SourceVersion "2"]
[SourceVersionDate "2019.07.06"]
[SourceQuality "1"]

1. e4 c5 2. Nf3 d6 3. d4 cxd4 4. Nxd4 Nf6 5. Nc3 Nc6 6. Be2 e5 7. Nf3 h6 8. O-O
Be7 9. Re1 Bg4 10. h3 Be6 11. Bf1 O-O 12. Nd5 Qd7 13. c4 Bd8 14. b3 Rc8 15. Bb2
Bxd5 16. cxd5 Nb4 17. Rc1 Bb6 18. a3 Rxc1 19. Qxc1 Rc8 20. Qb1 Na6 21. b4 Qa4
22. Bd3 Qd7 23. Qd1 Nc7 24. Qe2 a5 25. Nd2 a4 26. Nc4 Ba7 27. Na5 Rb8 28. Rc1
Nfe8 29. Qg4 Qxg4 30. hxg4 Kf8 31. Kf1 b5 32. Nc6 Rb7 33. Ke2 Bb6 34. g3 Nf6
35. f3 Ke8 36. Rh1 Nh7 37. g5 Nxg5 38. f4 exf4 39. gxf4 Nh7 40. Bxg7 Nf8 41. f5
Nd7 42. Rxh6 1-0

[Event "Milanowek-ch"]
[Site "Milanowek"]
[Date "2012.07.08"]
[Round "9"]
[White "Wierzgala, Krzysztof"]
[Black "Kowalska, Elzbieta"]
[Result "0-1"]
[WhiteElo "1752"]
[BlackElo "1915"]
[PlyCount "122"]
[EventDate "2012.06.30"]
[EventType "swiss"]
[EventRounds "9"]
[EventCountry "POL"]
[SourceTitle "OM OTB B 201907"]
[Source "Opening Master"]
[SourceDate "2019.07.06"]
[SourceVersion "2"]
[SourceVersionDate "2019.07.06"]
[SourceQuality "1"]

1. e4 c5 2. Nf3 Nc6 3. d4 cxd4 4. Nxd4 Nf6 5. Nc3 d6 6. Be2 e5 7. Nf3 h6 8. h3
Be7 9. Be3 Be6 10. O-O d5 11. exd5 Nxd5 12. Nxd5 Qxd5 13. Qxd5 Bxd5 14. c4 Be6
15. Rac1 O-O 16. a3 f5 17. Nh2 f4 18. Bd2 Nd4 19. Bd1 Bf6 20. Nf3 Rfd8 21. Nxd4
Rxd4 22. Bc3 Rxc4 23. Be2 Rc7 24. Bf3 Re8 25. Rfe1 Bf5 26. Bd5+ Kh7 27. Be4 g6
28. Rcd1 Kg7 29. f3 Bd7 30. Rd6 Re6 31. Rd2 Bc6 32. Bc2 e4 33. Bxf6+ Kxf6 34.
Bb3 Re5 35. Rd6+ Kg5 36. Bc2 Rce7 37. Kh2 exf3 38. Rxg6+ Kh5 39. Rg4 Be8 40.
Rxe5+ Rxe5 41. Rxf4 Re2 42. Bd1 Rxg2+ 43. Kh1 Bc6 44. Bxf3+ Bxf3 45. Rxf3 Rxb2
46. Rd3 Kh4 47. Re3 h5 48. Kg1 a5 49. Re5 a4 50. Re4+ Kxh3 51. Rxa4 Kg3 52. Kf1
h4 53. Ra8 Rb1+ 54. Ke2 Kh2 55. a4 h3 56. Kf2 b6 57. Rb8 Rb4 58. Rb7 Rf4+ 59.
Ke2 Kg3 60. Rxb6 h2 61. Rb1 Rxa4 0-1

[Event "Wroclaw op-B 7th"]
[Site "Wroclaw"]
[Date "2012.07.08"]
[Round "7"]
[White "Pieprzyk, Dawid"]
[Black "Oszczanowski, Witold"]
[Result "0-1"]
[WhiteElo "1872"]
[BlackElo "1899"]
[PlyCount "100"]
[EventDate "2012.07.02"]
[EventType "swiss"]
[EventRounds "9"]
[EventCountry "POL"]
[SourceTitle "OM OTB B 201907"]
[Source "Opening Master"]
[SourceDate "2019.07.06"]
[SourceVersion "2"]
[SourceVersionDate "2019.07.06"]
[SourceQuality "1"]

1. e4 c5 2. Nf3 Nc6 3. d4 cxd4 4. Nxd4 Nf6 5. Nc3 d6 6. Be2 e5 7. Nb3 Be7 8.
Be3 O-O 9. O-O a5 10. Nd2 d5 11. exd5 Nxd5 12. Nxd5 Qxd5 13. Nc4 Qxd1 14. Raxd1
Be6 15. a4 g6 16. c3 Kg7 17. Bb6 f6 18. Ne3 Bd8 19. Bc5 Rf7 20. Bc4 Bxc4 21.
Nxc4 Bc7 22. Be3 Rd8 23. Rxd8 Bxd8 24. Rd1 Bc7 25. Rd5 Kf8 26. Rb5 Rd7 27. g3
Bd8 28. Bc5+ Kg7 29. Bb6 Bxb6 30. Rxb6 Kh6 31. Kg2 e4 32. Rb5 f5 33. h3 Kg5 34.
Nxa5 Nxa5 35. Rxa5 Rd2 36. Rb5 e3 37. Kf1 Rxf2+ 38. Ke1 h5 39. Rxb7 h4 40.
gxh4+ Kf4 41. b4 Kf3 42. Re7 Ra2 43. Kd1 Kf2 44. a5 f4 45. c4 f3 46. c5 e2+ 47.
Kc1 Kf1 48. c6 f2 49. c7 e1=Q+ 50. Rxe1+ fxe1=Q# 0-1

[Event "Paris-ch op-B 87th"]
[Site "Paris"]
[Date "2012.07.08"]
[Round "2"]
[White "Hauseux, Philippe"]
[Black "Stoeri, Laura"]
[Result "1/2-1/2"]
[WhiteElo "1923"]
[BlackElo "2066"]
[PlyCount "96"]
[EventDate "2012.07.07"]
[EventType "swiss"]
[EventRounds "9"]
[EventCountry "FRA"]
[SourceTitle "OM OTB B 201907"]
[Source "Opening Master"]
[SourceDate "2019.07.06"]
[SourceVersion "2"]
[SourceVersionDate "2019.07.06"]
[SourceQuality "1"]

1. e4 c5 2. Nf3 d6 3. d4 cxd4 4. Nxd4 Nf6 5. Nc3 Nc6 6. Be2 e5 7. Nf3 h6 8. Bc4
Be7 9. h3 O-O 10. g4 Qa5 11. Bd2 Qc5 12. Bb3 Nd4 13. Be3 Nxf3+ 14. Qxf3 Qa5 15.
O-O-O Be6 16. g5 hxg5 17. Bxg5 Bxb3 18. Bxf6 Bxf6 19. cxb3 Bg5+ 20. Kb1 Rfd8
21. Rhg1 Bh6 22. Nd5 Kf8 23. Rg6 Bf4 24. Nxf4 exf4 25. Rg4 Rac8 26. Rdg1 Qd2
27. Qxf4 Rc2 28. Qxd2 Rxd2 29. f3 Rf2 30. R4g3 d5 31. Rxg7 dxe4 32. Rg8+ Ke7
33. Rxd8 Kxd8 34. fxe4 Re2 35. Rg4 Ke7 36. b4 Ke6 37. h4 Ke5 38. Rg7 Kf6 39.
Rg4 Ke5 40. Rg8 Rh2 41. Rb8 Kxe4 42. Rxb7 f5 43. Rxa7 f4 44. a4 f3 45. Re7+ Kd3
46. Rf7 Ke3 47. Re7+ Kd3 48. Rf7 Ke3 1/2-1/2

[Event "Paris-ch op-B 87th"]
[Site "Paris"]
[Date "2012.07.07"]
[Round "1"]
[White "Baron, Thierry"]
[Black "Maubert, Nicolas"]
[Result "1-0"]
[WhiteElo "2274"]
[BlackElo "2010"]
[PlyCount "69"]
[EventDate "2012.07.07"]
[EventType "swiss"]
[EventRounds "9"]
[EventCountry "FRA"]
[SourceTitle "OM OTB B 201907"]
[Source "Opening Master"]
[SourceDate "2019.07.06"]
[SourceVersion "2"]
[SourceVersionDate "2019.07.06"]
[SourceQuality "1"]

1. e4 c5 2. Nf3 Nc6 3. d4 cxd4 4. Nxd4 Nf6 5. Nc3 d6 6. Be2 e5 7. Nb3 Be7 8.
Be3 O-O 9. Qd2 Ng4 10. Bxg4 Bxg4 11. Nd5 Bh4 12. h3 Bh5 13. g4 Bg6 14. Qd3 Bg5
15. O-O-O a5 16. c3 a4 17. Nd2 Bxe3 18. Nxe3 a3 19. b3 Rc8 20. Kb1 Qa5 21. h4
h6 22. h5 Bh7 23. Rhg1 b5 24. g5 hxg5 25. Rxg5 f6 26. Rg3 Ne7 27. Nd5 Nxd5 28.
Qxd5+ Kh8 29. Nc4 Bxe4+ 30. Qxe4 bxc4 31. Qg6 Qa7 32. h6 Rc7 33. Rdg1 Rff7 34.
hxg7+ Rxg7 35. Qe8+ 1-0

[Event "Lazy op 8th"]
[Site "Lazy"]
[Date "2012.07.06"]
[Round "7"]
[White "Adamowicz, Katarzyna"]
[Black "Antonov, Alexandr1"]
[Result "1/2-1/2"]
[WhiteElo "2105"]
[BlackElo "2119"]
[PlyCount "34"]
[EventDate "2012.06.30"]
[EventType "swiss"]
[EventRounds "9"]
[EventCountry "POL"]
[SourceTitle "OM OTB B 201907"]
[Source "Opening Master"]
[SourceDate "2019.07.06"]
[SourceVersion "2"]
[SourceVersionDate "2019.07.06"]
[SourceQuality "1"]

1. e4 c5 2. Nf3 d6 3. d4 cxd4 4. Nxd4 Nf6 5. Nc3 Nc6 6. Be2 e5 7. Nb3 Be7 8.
O-O O-O 9. f4 a5 10. a4 Be6 11. f5 Bd7 12. Be3 Nb4 13. Nd5 Bc6 14. Nxf6+ Bxf6
15. c3 Na6 16. Bf3 b6 17. Qc2 Nc5 1/2-1/2

[Event "Wroclaw op-B 7th"]
[Site "Wroclaw"]
[Date "2012.07.05"]
[Round "4"]
[White "Piotrowski, Przemyslaw"]
[Black "Dmochowska, Agnieszka"]
[Result "1-0"]
[WhiteElo "1933"]
[BlackElo "1782"]
[PlyCount "55"]
[EventDate "2012.07.02"]
[EventType "swiss"]
[EventRounds "9"]
[EventCountry "POL"]
[SourceTitle "OM OTB B 201907"]
[Source "Opening Master"]
[SourceDate "2019.07.06"]
[SourceVersion "2"]
[SourceVersionDate "2019.07.06"]
[SourceQuality "1"]

1. e4 c5 2. Nf3 Nc6 3. d4 cxd4 4. Nxd4 Nf6 5. Nc3 d6 6. Be2 e5 7. Nb3 Be7 8.
O-O O-O 9. f4 a5 10. a4 Nb4 11. Bf3 Be6 12. Kh1 Qb6 13. f5 Bc4 14. Be2 Bxb3 15.
cxb3 Rfd8 16. Bc4 Nxe4 17. Nxe4 d5 18. f6 dxe4 19. Bxf7+ Kxf7 20. Qh5+ Ke6 21.
fxe7 Re8 22. Qh3+ Kd5 23. Be3 Qe6 24. Qxh7 Qxe7 25. Rad1+ Kc6 26. Rc1+ Kd7 27.
Qf5+ Qe6 28. Rfd1+ 1-0

[Event "Karl Mala Memorial op 15th"]
[Site "Frankfurt"]
[Date "2012.07.05"]
[Round "1"]
[White "Polak, Elias"]
[Black "Lanka, Zigurds"]
[Result "0-1"]
[WhiteElo "1868"]
[BlackElo "2422"]
[PlyCount "86"]
[EventDate "2012.07.05"]
[EventType "swiss"]
[EventRounds "7"]
[EventCountry "GER"]
[SourceTitle "OM OTB B 201907"]
[Source "Opening Master"]
[SourceDate "2019.07.06"]
[SourceVersion "2"]
[SourceVersionDate "2019.07.06"]
[SourceQuality "1"]

1. e4 c5 2. Nf3 Nc6 3. d4 cxd4 4. Nxd4 Nf6 5. Nc3 d6 6. Be2 e5 7. Ndb5 a6 8.
Na3 Be7 9. O-O O-O 10. Be3 Rb8 11. Bf3 b5 12. Nd5 Nxd5 13. Qxd5 Qc7 14. Rfd1
Nd4 15. Bxd4 Be6 16. Bb6 Rxb6 17. Qd3 b4 18. Nb1 Bg5 19. Nd2 Rc8 20. b3 Qxc2
21. Nf1 Kf8 22. Ne3 Qxd3 23. Rxd3 Bxe3 24. Rxe3 Ke7 25. h4 Rb5 26. Rd3 Ra5 27.
Bd1 g6 28. h5 f5 29. hxg6 hxg6 30. f3 Rac5 31. Rd2 a5 32. Kf2 Rc3 33. Rb1 R8c5
34. Rbb2 d5 35. Bc2 dxe4 36. fxe4 f4 37. Bd3 g5 38. Be2 Re3 39. Bd3 g4 40. Bc2
g3+ 41. Kf1 f3 42. Rb1 f2 43. Bd3 Rc8 0-1

[Event "GRE-chT 40th"]
[Site "Achaea"]
[Date "2012.07.03"]
[Round "5.8"]
[White "Halkiadakis, Marios"]
[Black "Stamatopoulos, Apostolos"]
[Result "1-0"]
[WhiteElo "1724"]
[BlackElo "1733"]
[PlyCount "95"]
[EventDate "2012.06.30"]
[EventType "team-swiss"]
[EventRounds "7"]
[EventCountry "GRE"]
[SourceTitle "OM OTB B 201907"]
[Source "Opening Master"]
[SourceDate "2019.07.06"]
[SourceVersion "2"]
[SourceVersionDate "2019.07.06"]
[SourceQuality "1"]

1. e4 c5 2. Nf3 d6 3. d4 cxd4 4. Nxd4 Nf6 5. Nc3 Nc6 6. Be2 e5 7. Nb3 Be6 8.
Bg5 Be7 9. Qd2 h6 10. Bxf6 Bxf6 11. Nb5 Be7 12. Rd1 O-O 13. Nxd6 Bxd6 14. Qxd6
Qh4 15. Bd3 Qg5 16. Kf1 Rad8 17. Qc5 f5 18. Nd2 Qf4 19. g3 Qg4 20. f3 fxe4 21.
Bxe4 Rf7 22. Qf2 Qg5 23. Kg2 Rfd7 24. Bd3 Qh5 25. h4 Bd5 26. Rde1 Rf8 27. Bc4
Bxc4 28. Nxc4 Rdf7 29. Re3 b5 30. Nd6 Rf6 31. Ne4 R6f7 32. c3 b4 33. Rd1 bxc3
34. g4 Qg6 35. Rd6 Rf6 36. Nxf6+ Rxf6 37. Rxf6 Qxf6 38. Rxc3 Nd4 39. Rc8+ Kh7
40. Qe3 Qf7 41. Qe4+ g6 42. h5 Ne6 43. hxg6+ Qxg6 44. Qxg6+ Kxg6 45. Ra8 Nf4+
46. Kg3 Ne2+ 47. Kf2 Nf4 48. b3 1-0

[Event "GRE-chT 40th"]
[Site "Achaea"]
[Date "2012.07.03"]
[Round "5.6"]
[White "Vasiliadis, Anastasios"]
[Black "Capone, Nicola"]
[Result "1/2-1/2"]
[WhiteElo "1943"]
[BlackElo "2126"]
[PlyCount "96"]
[EventDate "2012.06.30"]
[EventType "team-swiss"]
[EventRounds "7"]
[EventCountry "GRE"]
[SourceTitle "OM OTB B 201907"]
[Source "Opening Master"]
[SourceDate "2019.07.06"]
[SourceVersion "2"]
[SourceVersionDate "2019.07.06"]
[SourceQuality "1"]

1. e4 c5 2. Nf3 d6 3. d4 cxd4 4. Nxd4 Nf6 5. Nc3 Nc6 6. Be2 e5 7. Nf3 h6 8. O-O
Be7 9. Re1 O-O 10. h3 a6 11. Be3 Qc7 12. Nd2 b5 13. a4 b4 14. Nd5 Nxd5 15. exd5
Na5 16. b3 f5 17. f3 Bh4 18. Rf1 Bb7 19. Nc4 Nxc4 20. Bxc4 a5 21. Qd3 Kh8 22.
Rac1 Qf7 23. c3 bxc3 24. Rxc3 Bc8 25. f4 Bf6 26. Rcc1 Qg6 27. Bb5 exf4 28. Bxf4
Be5 29. Rce1 Bxf4 30. Rxf4 Ra7 31. Kh2 Qf7 32. Qd4 Rb7 33. Rf3 Kg8 34. Rfe3 Kh7
35. Rf3 Qg6 36. Re2 Qf7 37. Re1 Qg6 38. Re2 Qf7 39. Re1 Rc7 40. Bc4 Rc5 41.
Rfe3 Qg6 42. Rg3 Qf7 43. Rge3 Qg6 44. Rg3 Qf7 45. Rge3 f4 46. Rf3 Qf6 47. Qxf6
Rxf6 48. Re7 Kg8 1/2-1/2

[Event "Philadelphia int op 9th"]
[Site "Philadelphia"]
[Date "2012.07.01"]
[Round "6"]
[White "Prieto, Ernesto"]
[Black "Vidit, Santosh Gujrathi"]
[Result "0-1"]
[WhiteElo "2100"]
[BlackElo "2528"]
[PlyCount "58"]
[EventDate "2012.06.29"]
[EventType "swiss"]
[EventRounds "9"]
[EventCountry "USA"]
[SourceTitle "OM OTB B 201907"]
[Source "Opening Master"]
[SourceDate "2019.07.06"]
[SourceVersion "2"]
[SourceVersionDate "2019.07.06"]
[SourceQuality "1"]

1. e4 c5 2. Nf3 d6 3. d4 cxd4 4. Nxd4 Nf6 5. Nc3 Nc6 6. Be2 e5 7. Nf3 Be7 8.
O-O O-O 9. Bg5 Be6 10. Bxf6 Bxf6 11. Qd2 Qb6 12. b3 Ne7 13. Rad1 Rfd8 14. Na4
Qc6 15. Ng5 Bxg5 16. Qxg5 Qxc2 17. Qxe7 Rd7 18. Qg5 Qxe2 19. Nc3 Qa6 20. f4 h6
21. Qg3 exf4 22. Rxf4 Rc8 23. Rg4 Bxg4 24. Qxg4 Qb6+ 25. Kh1 Rxc3 26. Qxd7 Qc6
27. Qd8+ Kh7 28. Qh4 Rc1 29. Re1 Qc3 0-1

[Event "GRE-chT 40th"]
[Site "Achaea"]
[Date "2012.07.01"]
[Round "3.6"]
[White "Ragios, Konstantinos"]
[Black "Capone, Nicola"]
[Result "0-1"]
[WhiteElo "1762"]
[BlackElo "2126"]
[PlyCount "90"]
[EventDate "2012.06.30"]
[EventType "team-swiss"]
[EventRounds "7"]
[EventCountry "GRE"]
[SourceTitle "OM OTB B 201907"]
[Source "Opening Master"]
[SourceDate "2019.07.06"]
[SourceVersion "2"]
[SourceVersionDate "2019.07.06"]
[SourceQuality "1"]

1. e4 c5 2. Nf3 d6 3. d4 cxd4 4. Nxd4 Nf6 5. Nc3 Nc6 6. Be2 e5 7. Nb3 Be7 8.
O-O O-O 9. Be3 a5 10. a3 a4 11. Nd2 Be6 12. Bb5 Ng4 13. Nd5 Bxd5 14. Qxg4 Be6
15. Qd1 d5 16. exd5 Qxd5 17. c4 Qd3 18. Bxa4 Bxc4 19. Bc2 Qd5 20. Be4 Qb5 21.
Nxc4 Qxc4 22. Qc2 Qxc2 23. Bxc2 f5 24. Rac1 g6 25. Bb3+ Kg7 26. Bc5 Bxc5 27.
Rxc5 Ra5 28. Rd5 Rxd5 29. Bxd5 Nd4 30. Re1 Kf6 31. Bc4 Rc8 32. Bd3 Ke6 33. f3
Kd5 34. Kf2 Rc6 35. Rd1 Rb6 36. Rd2 Rb3 37. Bc2 Rb6 38. Bd3 e4 39. fxe4+ fxe4
40. Bc2 Ke5 41. Bd1 Rd6 42. Ke3 Nf5+ 43. Ke2 Rxd2+ 44. Kxd2 Kd4 45. Be2 Ne3 0-1